Postavenie a vplyv krajín OPEC a OPEC+ na svetovom trhu s ropou bakalárska práca

Uložené v:
Podrobná bibliografia
Hlavný autor: Mihálik, Ján
Korporativný autor: Fakulta medzinárodných vzťahov EU. Katedra medzinárodných politických vzťahov
Ďalší autori: Grešš, Martin, 1978-
Médium: Kniha
Jazyk:Slovak
Vydavateľské údaje: Bratislava 2025
Tagy: Pridať tag
Žiadne tagy, Buďte prvý, kto otaguje tento záznam!

MARC

LEADER 00000nbm a2200000 4500
001 0309647
005 20260122124553.0
041 0 |a slo 
044 |a SK 
245 1 0 |a Postavenie a vplyv krajín OPEC a OPEC+ na svetovom trhu s ropou  |b bakalárska práca  |c Ján Mihálik ; školiteľ: Martin Grešš 
264 1 |a Bratislava  |c 2025 
300 |a 49 s. 
100 1 |a Mihálik, Ján 
700 1 |a Grešš, Martin, 1978- 
710 2 |a Fakulta medzinárodných vzťahov EU. Katedra medzinárodných politických vzťahov